000 00309nam a22001337a 4500
008 170327b xxu||||| |||| 00| 0 eng d
020 _a9780863883668
041 _aeng
080 _a615.83
100 _a8
101 _ashm
245 _aTHERAPEUTIC ACTIVITIES FOR THE UPPER LIMB
_cMILLS, D
942 _2udc
_cBK
999 _c8764
_d8764